00337nam a2200133Ia 4500008004100000040001900041041001200060082002100072245004700093260002300140300001800163650000800181850001400189131103s9999 xx 000 0 und d aLoreto College aEnglish aREFbLCBED/10395 aReport of the first inter - state seminar  aAgrab[s.n.]c1957 a79p. c 21cm. aREF aLCBED/REF